| 000 | 00538nam a2200181Ia 4500 | ||
|---|---|---|---|
| 008 | 151018s9999 xx 000 0 und d | ||
| 082 |
_bRBASDV15848 _a891.463 |
||
| 100 | _aबाबू बिरादार | ||
| 245 | _aकावड | ||
| 250 | _b1 | ||
| 260 |
_bश्रीविद्या प्रकाशन पुणे _c1982 |
||
| 300 | _a88 | ||
| 600 | _aबाबू बिरादार | ||
| 630 | _aकावड | ||
| 700 | _aबाबू बिरादार | ||
| 730 | _aकावड | ||
| 942 | _cBOOK | ||
| 999 |
_c1016570 _d1016567 |
||